000 00698nam a22002417a 4500
003 UA-OsUOA
001 23876
007 ta
008 20040130b un ||||| |||| 00| 0 ukr d
100 _aАртюшенко Юрій
090 _a32(477)
_bА79
942 _cBK
040 _aUA-OsUOA
_bukr
_cUA-OsUOA
_dUA-OsUOA
245 _aЧинники духової синтези й історичної тяглості в державні дії нащої доби.
300 _a68 с.
_bІлюстрації
955 _a0
041 _aukr
080 _a32(477)
260 _aЧікаго
_bСамостійна Україна
_c1980
044 _aUA
650 7 _2UDC
999 _c310136
_d310136